Geography Click Chain #2 - Statistics

General Stats
  • This quiz has been taken 73 times
  • The average score is 5 of 5
Answer Stats
Hint Answer % Correct
Which is closest to the ocean… Indian Ocean
99%
The only country that starts with O is.. Oman
99%
Which out of all oceans is the… Warmest
99%
Whose capital is… Muscat
96%
Which lies on a body of water called the… Gulf of Oman
87%
No matching quizzes found
Score Distribution
Percent of People with Each Score
Percentile by Number Answered
Your Score History
You have not taken this quiz